[Event "Kecskemet8"]
[Site "Kecskemet"]
[Date "1991.??.??"]
[Round "?"]
[White "Meszaros, Gyula"]
[Black "Roos, Celine"]
[Result "1/2-1/2"]
[WhiteElo "2300"]
[BlackElo "2145"]
[PlyCount "20"]
[EventDate "1991.??.??"]
[EventType "tourn"]
[EventRounds "13"]
[EventCountry "HUN"]
[EventCategory "2"]
[SourceTitle "EXT 2004"]
[Source "ChessBase"]
[SourceDate "2003.11.25"]
[SourceVersion "1"]
[SourceVersionDate "2003.11.25"]
[SourceQuality "1"]

1. d4 Nf6 2. Nf3 b6 3. e3 Bb7 4. Bd3 c5 5. c3 e6 6. Nbd2 Be7 7. Qe2 d6 8. 0-0 Qc7 9. a4 a6 10. Re1 0-0 1/2-1/2

[Event "Paris-ch op"]
[Site "Paris"]
[Date "1991.??.??"]
[Round "9"]
[White "Roos, Celine"]
[Black "Bartha, Sandor"]
[Result "0-1"]
[WhiteElo "2145"]
[BlackElo "2305"]
[PlyCount "76"]
[EventDate "1991.05.??"]
[EventType "swiss"]
[EventRounds "9"]
[EventCountry "FRA"]
[SourceTitle "TD"]
[Source "ChessBase"]
[SourceDate "1994.03.01"]
[SourceVersion "1"]
[SourceVersionDate "1994.03.01"]
[SourceQuality "1"]

1. c4 c6 2. e4 d5 3. exd5 cxd5 4. cxd5 Qxd5 5. Nc3 Qd8 6. d4 Nf6 7. Nf3 e6 8. Bd3 Be7 9. 0-0 0-0 10. Re1 Nc6 11. a3 g6 12. Bh6 Re8 13. Bc4 a6 14. Rc1 Na5 15. Ba2 b5 16. Ne5 Qb6 17. Qf3 Qxd4 18. Nxf7 Kxf7 19. Qxa8 Qh4 20. Be3 Bb7 21. Qa7 Qg4 22. f3 Bxf3 23. Rc2 Nc6 24. Qc7 Nd4 25. Rf2 Bxg2 26. Bxd4 Ba8+ 27. Qg3 Qxd4 28. Rxe6 Kg7 29. b4 Ng4 30. Ne4 Nxf2 31. Qxf2 Qxf2+ 32. Nxf2 Kf8 33. Rxa6 Rc8 34. Nd3 Be4 35. Be6 Rc2 36. Nc5 Bf3 37. Nd7+ Kg7 38. Ne5 Be4 0-1